| 000 -LEADER |
| fixed length control field |
01095nam a22001457a 4500 |
| 008 - FIXED-LENGTH DATA ELEMENTS--GENERAL INFORMATION |
| fixed length control field |
210917b ||||| |||| 00| 0 eng d |
| 100 ## - MAIN ENTRY--PERSONAL NAME |
| Personal name |
Faccini, Renato and Palombo, Edoardo |
| 245 ## - TITLE STATEMENT |
| Title |
News uncertainty in Brexit United Kingdom |
| 260 ## - PUBLICATION, DISTRIBUTION, ETC. (IMPRINT) |
| Place of publication, distribution, etc |
The American Economic Review: Insights |
| 300 ## - PHYSICAL DESCRIPTION |
| Extent |
3(2), Jun, 2021: p.149-164 |
| 520 ## - SUMMARY, ETC. |
| Summary, etc |
After the Brexit referendum, the behavior of the UK economy defied widespread expectations, as it did not exhibit a V-shaped recession but a slow decline in production. We show that this pattern of propagation arises when uncertainty is about future, rather than current, fundamentals and if the expected duration of uncertainty is sufficiently long. We reach this conclusion within the confines of a heterogeneous firms model featuring news uncertainty rather than conventional uncertainty shocks. In the quantitative analysis, uncertainty is informed by firm-level probability distributions on the expected effect of Brexit on sales. – Reproduced |
| 773 ## - HOST ITEM ENTRY |
| Main entry heading |
The American Economic Review: Insights |
| 906 ## - LOCAL DATA ELEMENT F, LDF (RLIN) |
| Subject DIP |
BREXIT |
| 942 ## - ADDED ENTRY ELEMENTS (KOHA) |
| Item type |
Articles |